ბათუმის შოთა რუსთაველის სახელმწიფო უნივერსიტეტის ბიბლიოთეკა

დაუვიწყარი ზაფხული. (ბიბ.ჩანაწერი № 41847)

000 -LEADER
fixed length control field 00791nam a2200229Ia 4500
001 - CONTROL NUMBER
control field 8530
003 - CONTROL NUMBER IDENTIFIER
control field GE_BSU
008 - FIXED-LENGTH DATA ELEMENTS--GENERAL INFORMATION
fixed length control field 181216s||||||||xx |||||||||||||| ||und||
040 ## - CATALOGING SOURCE
Transcribing agency GE_BSU
080 ## - UNIVERSAL DECIMAL CLASSIFICATION NUMBER
Universal Decimal Classification number 821.353.1-32
100 ## - MAIN ENTRY--PERSONAL NAME
Personal name ზედგინიძე,ელიზბარ.
245 ## - TITLE STATEMENT
Title დაუვიწყარი ზაფხული.
245 ## - TITLE STATEMENT
Remainder of title მოთხრობები.
245 ## - TITLE STATEMENT
Statement of responsibility, etc. მხატვ:მ.მერაბიშვილი;რედ:მ.ბაკურაძე.
260 ## - PUBLICATION, DISTRIBUTION, ETC.
Place of publication, distribution, etc. თბილისი.
260 ## - PUBLICATION, DISTRIBUTION, ETC.
Name of publisher, distributor, etc. სახელგამი.
260 ## - PUBLICATION, DISTRIBUTION, ETC.
Date of publication, distribution, etc. 1952.
300 ## - PHYSICAL DESCRIPTION
Extent 170გვ;1ფ.პორტრ;21სმ.
653 ## - INDEX TERM--UNCONTROLLED
Uncontrolled term დაუვიწყარი ზაფხული.
653 ## - INDEX TERM--UNCONTROLLED
Uncontrolled term მოთხრობები.
942 ## - ADDED ENTRY ELEMENTS (KOHA)
Koha item type წიგნი
ეგზემპლარები
Withdrawn status Lost status Damaged status Not for loan Date acquired Barcode Date last seen Price effective from Koha item type
        2018-12-17 30906 2018-12-17 2018-12-17 წიგნი
        2018-12-17 30907 2018-12-17 2018-12-17 წიგნი